000 01688nam a2200241 a 4500
005 20150521020002.0
008 140129b2006 ck ||||| |||| 00| 0 spa d
040 _cCO-BoIH
041 _aspa
044 _ack
090 _aIAVH
_b00964
100 _aMoreno Díaz, Carlos Alberto
_95209
245 _aAnálisis de los instrumentos de política forestal vigentes y su impacto sobre los bienes y servicios ambientales en los ecosistemas estratégicos del área jurisdiccional de la Corporación Autónoma Regional de Cundinamarca-CAR
_bTercera parte, primera sección
260 _aBogotá
_bInstituto Alexander von Humboldt
_c2006
300 _a30 p.
520 _aConsolida información organizada en ocho capítulos, el primero de ellos presenta el marco conceptual sobre el cual se desarrolla el trabajo; el segundo presenta la institucionales del sector foresta en el país; el tercer aparte consigna una descripción general del recurso general forestal en Colombia, en el cuarto capítulo se presenta la descripción del sector forestal en la jurisdicción de la CAR en los distintos ecosistemas existentes; el quinto capítulo recoge las políticas institucionales orientadas al sector forestal; el sexto los intrumentos de política vigentes para este sector, el séptimo presenta el impacto de estos intrumentos en los bienes y servicios ambientales de los ecosistemas estratégicos de la CAR y finalmente se presentan las conclusiones del estudio
650 _aInstrumentos de política
_95554
650 _aCAR
_930453
650 _aPolíticas forestales
_93846
650 _aBienes y servicios de la biodiversidad
_95515
942 _cINFORME
_2z
_01
945 _d2008-09-09
999 _c6552
_d6552